| 000 | 00865nam a22002777a 4500 | ||
|---|---|---|---|
| 001 | 6297 | ||
| 003 | FISKH | ||
| 005 | 20250714103625.0 | ||
| 008 | 250409b cb ||||| |||| 00| 0 eng d | ||
| 020 | _a9780545012157 | ||
| 040 |
_aFISKH _beng _cFISKH _dFISKH |
||
| 050 | _aPZ7 | ||
| 082 | _a813 | ||
| 100 | _aNelson, May | ||
| 245 |
_aKeeping fit / _cby May Nelson ; illustrated by Dean Proudfoot |
||
| 260 |
_aNew York : _bWeldon Owen Educations, _c2007. |
||
| 300 |
_a24 pages : _bcolor illustrations ; _c19 cm |
||
| 505 | _aC | ||
| 520 | _aKate and Benny go up and down the slide. They go up and down on the seesaw too. Kate and Benny like to keep fit. | ||
| 521 | 8 |
_a150
_bLexile |
|
| 521 | 8 |
_aC
_bRaz-Plus |
|
| 650 |
_aAll About Me _vChildren's Book |
||
| 700 |
_aProudfoot, Dean _eillustrator |
||
| 942 |
_2ddc _cBK _n0 |
||
| 999 |
_c6297 _d6297 |
||